| 000 | 00892nmc a2200337 a 4500 | ||
|---|---|---|---|
| 003 | AR-BaBNM | ||
| 005 | 20251128204846.0 | ||
| 008 | 116019s1977 ||||||||||||||000 | spa|| | ||
| 040 | _cAR-BaBNM | ||
| 100 | 1 | _aDarío, Rubén | |
| 245 | 1 | 0 | _aPoesía |
| 260 |
_aCaracas _bBiblioteca Ayacucho _c1977 |
||
| 300 | _alxxxix, 564 p. | ||
| 490 | 0 |
_aBiblioteca Ayacucho _vv. 9 |
|
| 500 | _aEstudio preliminar | ||
| 500 | _aCronología p. 488-553 | ||
| 504 | _aBibliografía p.555-564 | ||
| 650 | 4 | _aSIGLO DIECINUEVE | |
| 650 | 4 | _aSIGLO VEINTE | |
| 650 | 4 | _aPOESIA | |
| 650 | 4 | _aVIDA LITERARIA | |
| 650 | 4 | _aCONDICIONES CULTURALES | |
| 653 | _aLITERATURA NICARAGUENSE | ||
| 653 | _aMODERNISMO | ||
| 655 | _aLITERATURA | ||
| 700 | 1 |
_aRama, Angel _eprologuista |
|
| 700 | 1 |
_aMejía Sánchez, Ernesto _eeditor |
|
| 700 | 1 | _aValle-Castillo, Julio | |
| 942 | _cBK | ||
| 998 | _cisola | ||
| 999 |
_c9068 _d9068 |
||